[Event "Montcalm VII 2000-01"]
[Site "Quebec CAN"]
[Date "2001.05.10"]
[Round "2"]
[White "Brisson, Christian"]
[Black "Bourassa, Andre"]
[Result "1-0"]
[WhiteElo "1339"]
[BlackElo "1659"]
[PlyCount "105"]
[GameId "2160767911564852"]
[EventDate "2001.05.03"]
[EventType "swiss"]
[EventRounds "5"]
[EventCountry "CAN"]

1. Nf3 d5 2. c4 e6 3. Na3 c6 4. b3 Nf6 5. Bb2 Nbd7 6. g3 Bd6 7. cxd5 exd5 8. Bg2 O-O 9. Nc2 Re8 10. O-O Ne5 11. Ne3 Neg4 12. Qc2 Nxe3 13. dxe3 Ne4 14. Rad1 Bf5 15. Nh4 Qd7 16. Nxf5 Qxf5 17. Qd3 Nxg3 18. hxg3 Qh5 19. f4 Re6 20. Qd4 Rg6 21. Rf3 Qg4 22. f5 Qxd4 23. Rxd4 Rg5 24. Kf2 Re8 25. Rh4 Re4 26. Bh3 Rxh4 27. gxh4 Rh5 28. e4 dxe4 29. Rc3 Rxh4 30. Kg2 g6 31. Rc4 c5 32. Bf6 Rh5 33. Bg4 Rh2+ 34. Kg1 gxf5 35. Bxf5 Rxe2 36. Bxe4 b5 37. Kf1 Rxa2 38. Rc3 Ra6 39. Rh3 Bf4 40. Bxh7+ Kf8 41. Bh4 Rh6 42. Bf5 f6 43. Kg2 Ke7 44. Rh1 Bg5 45. Re1+ Kd8 46. Rd1+ Kc7 47. Bf2 Bf4 48. Bxc5 Rh2+ 49. Kf3 Rd2 50. Ra1 Kc6 51. Bb4 Bd6 52. Rc1+ Kb6 53. Bxd2 1-0

[Event "Montcalm VII 2000-01"]
[Site "Quebec CAN"]
[Date "2001.05.17"]
[Round "3"]
[White "Bourassa, Andre"]
[Black "Boily, Felix-Antoine"]
[Result "1-0"]
[WhiteElo "1659"]
[BlackElo "1115"]
[PlyCount "107"]
[GameId "2160767911564853"]
[EventDate "2001.05.03"]
[EventType "swiss"]
[EventRounds "5"]
[EventCountry "CAN"]

1. d4 Nf6 2. c4 g6 3. Nc3 c6 4. e4 d6 5. Bd3 Bg7 6. Nge2 O-O 7. f4 Bg4 8. h3 Bxe2 9. Qxe2 Re8 10. Be3 e6 11. O-O Nbd7 12. Rf3 Nh5 13. f5 e5 14. fxg6 hxg6 15. d5 Bf6 16. Raf1 Kg7 17. g4 Nf4 18. Bxf4 exf4 19. Rxf4 Bd4+ 20. Kg2 f6 21. Qc2 Be5 22. R4f3 Rh8 23. Ne2 g5 24. Ng3 Rh7 25. dxc6 bxc6 26. b3 Bxg3 27. Kxg3 Rh6 28. Qg2 Qe7 29. Qf2 Qe5+ 30. Kg2 c5 31. Rf5 Qc3 32. Rd5 Rah8 33. Rh1 Ne5 34. Qe2 Ng6 35. Rf5 Nf4+ 36. Rxf4 gxf4 37. Qf3 Qd2+ 38. Be2 Qe3 39. Qxe3 fxe3 40. Bf1 Re8 41. Kf3 f5 42. gxf5 Rh4 43. Rg1+ Kh8 44. Rg4 Rxg4 45. hxg4 Re7 46. Kxe3 Rh7 47. Bg2 Rh4 48. Kf3 Rh7 49. Kg3 Rb7 50. e5 Rb6 51. e6 Kg7 52. g5 Ra6 53. f6+ Kf8 54. e7+ 1-0

[Event "Montcalm VII 2000-01"]
[Site "Quebec CAN"]
[Date "2001.05.17"]
[Round "3"]
[White "Dion, Jean-Francois"]
[Black "Brisson, Christian"]
[Result "1-0"]
[WhiteElo "1804"]
[BlackElo "1339"]
[PlyCount "77"]
[GameId "2160767911564854"]
[EventDate "2001.05.03"]
[EventType "swiss"]
[EventRounds "5"]
[EventCountry "CAN"]
[SourceTitle "EXT 2009"]
[Source "ChessBase"]
[SourceDate "2008.11.26"]
[SourceVersion "1"]
[SourceVersionDate "2008.11.26"]
[SourceQuality "1"]

1. d4 c6 2. Nf3 Qc7 3. e4 Nf6 4. Bd3 d6 5. c3 Bg4 6. Nbd2 Nbd7 7. O-O e5 8. h3 Bh5 9. Qc2 Be7 10. b3 Nf8 11. a4 Ne6 12. g3 O-O 13. Ba3 Rfe8 14. Bb2 Nd7 15. b4 Ng5 16. Nxg5 Bxg5 17. d5 Nf6 18. f4 exf4 19. gxf4 Qb6+ 20. Kg2 cxd5 21. fxg5 dxe4 22. Nxe4 Nd5 23. Bc1 Rac8 24. a5 Qc6 25. b5 Qd7 26. Qd2 Bg6 27. Ra4 Bxe4+ 28. Rxe4 Rxe4 29. Bxe4 Rxc3 30. Rf3 Qc8 31. Rxc3 Nxc3 32. Qc2 Qc5 33. Bxb7 Qe5 34. h4 h5 35. Bb2 Qxb5 36. a6 Ne2 37. Qc8+ Kh7 38. Be4+ g6 39. Qh8# 1-0

[Event "Montcalm VII 2000-01"]
[Site "Quebec CAN"]
[Date "2001.05.24"]
[Round "4"]
[White "Bourassa, Andre"]
[Black "Bourassa, Real"]
[Result "0-1"]
[WhiteElo "1659"]
[BlackElo "1354"]
[PlyCount "66"]
[GameId "2160767911564855"]
[EventDate "2001.05.03"]
[EventType "swiss"]
[EventRounds "5"]
[EventCountry "CAN"]

1. d4 d5 2. c4 e6 3. Nf3 Nc6 4. Nc3 Nf6 5. Bg5 Be7 6. e3 O-O 7. Be2 h6 8. Bh4 dxc4 9. Bxc4 Nh7 10. Bxe7 Nxe7 11. O-O c6 12. Rc1 Nd5 13. a3 Ng5 14. Be2 f5 15. Ne5 Bd7 16. Qd3 Rf6 17. Na4 Qe7 18. Nc5 Be8 19. f3 f4 20. Ne4 Nxe4 21. Qxe4 Nxe3 22. Bd3 Rf5 23. g4 Qg5 24. Kh1 Rd8 25. Rg1 Rxe5 26. dxe5 Rd5 27. Bc4 Rxe5 28. Qd4 c5 29. Qd6 Bc6 30. Bxe6+ Rxe6 31. Qxe6+ Kh7 32. h3 Qh4 33. g5 Bxf3+ 0-1

[Event "Montcalm VII 2000-01"]
[Site "Quebec CAN"]
[Date "2001.05.24"]
[Round "4"]
[White "Cummins, Paul"]
[Black "Dion, Jean-Francois"]
[Result "0-1"]
[WhiteElo "1624"]
[BlackElo "1804"]
[PlyCount "78"]
[GameId "2160767911564856"]
[EventDate "2001.05.03"]
[EventType "swiss"]
[EventRounds "5"]
[EventCountry "CAN"]
[SourceTitle "EXT 2009"]
[Source "ChessBase"]
[SourceDate "2008.11.26"]
[SourceVersion "1"]
[SourceVersionDate "2008.11.26"]
[SourceQuality "1"]

1. e4 d6 2. d4 Nf6 3. f3 g6 4. Be3 Bg7 5. Nc3 O-O 6. Bc4 e5 7. Nge2 Nc6 8. Qd2 Nd7 9. d5 Ne7 10. g4 f5 11. gxf5 gxf5 12. O-O-O f4 13. Bf2 Ng6 14. h4 h5 15. Rdg1 Kh7 16. Kb1 Bh6 17. Nc1 Rg8 18. Rg2 Nb6 19. Bf1 Bd7 20. Nd3 a5 21. Ne1 Qe7 22. Rgh2 Be8 23. Bh3 a4 24. Be6 Rg7 25. a3 c5 26. dxc6 bxc6 27. Bf5 Nc4 28. Qd3 Bf7 29. Rg1 Qb7 30. Bxg6+ Rxg6 31. Kc1 Rxg1 32. Bxg1 Qxb2+ 33. Kd1 Qxa3 34. Ke2 Nb2 35. Qd2 Bc4+ 36. Nd3 Rg8 37. Bf2 Qa1 38. Nd1 a3 39. Ke1 Bxd3 0-1

[Event "Montcalm VII 2000-01"]
[Site "Quebec CAN"]
[Date "2001.05.24"]
[Round "4"]
[White "Sauve, Richard"]
[Black "Auger, Bertrand"]
[Result "0-1"]
[WhiteElo "1912"]
[BlackElo "2046"]
[PlyCount "91"]
[GameId "2160767911564857"]
[EventDate "2001.05.03"]
[EventType "swiss"]
[EventRounds "5"]
[EventCountry "CAN"]

1. d4 d5 2. c4 e6 3. Nc3 Nf6 4. Bg5 Nbd7 5. e3 c6 6. Nf3 Qa5 7. Nd2 Bb4 8. Qc2 dxc4 9. Bxf6 Nxf6 10. Nxc4 Qc7 11. Be2 O-O 12. O-O Bd7 13. a3 Be7 14. b4 Rfd8 15. Rac1 Rac8 16. Bf3 Be8 17. Rfd1 Nd5 18. Ne2 b6 19. Qb3 Qb8 20. Nd2 c5 21. bxc5 bxc5 22. Qxb8 Rxb8 23. dxc5 Ba4 24. Nd4 Bxd1 25. Bxd1 Rdc8 26. N2b3 g6 27. g3 h5 28. Bf3 Kf8 29. Rc4 Nf6 30. Bd1 Nd7 31. c6 Nb6 32. Rc2 Na4 33. f4 Nb6 34. Be2 Nd5 35. Ba6 Nxe3 36. Re2 Rxb3 37. Bxc8 Rb1+ 38. Kf2 Nd5 39. Bxe6 fxe6 40. Nxe6+ Kf7 41. Re5 Nb6 42. Ng5+ Bxg5 43. Rxg5 Rc1 44. Ra5 Nc8 45. Ra6 Rc2+ 46. Kg1 0-1

[Event "Montcalm VII 2000-01"]
[Site "Quebec CAN"]
[Date "2001.05.31"]
[Round "5"]
[White "Auger, Bertrand"]
[Black "Pilote, Guillaume"]
[Result "1-0"]
[WhiteElo "2046"]
[BlackElo "1766"]
[PlyCount "56"]
[GameId "2160767911564858"]
[EventDate "2001.05.03"]
[EventType "swiss"]
[EventRounds "5"]
[EventCountry "CAN"]

1. c4 g6 2. Nc3 Bg7 3. g3 d6 4. Bg2 e5 5. e3 Nd7 6. Nge2 Ne7 7. O-O O-O 8. d3 f5 9. Rb1 c6 10. b4 Nf6 11. e4 Nh5 12. exf5 gxf5 13. b5 f4 14. Bf3 Bh3 15. Bxh5 f3 16. Re1 Rf5 17. g4 Rxh5 18. gxh5 fxe2 19. Nxe2 Nf5 20. Ng3 Nh4 21. h6 Bh8 22. Qh5 Qf6 23. Re3 d5 24. Ne4 dxe4 25. Rxh3 Ng6 26. dxe4 Rf8 27. Rb2 Qd6 28. Rg3 Qc5 1-0

[Event "Montcalm VII 2000-01"]
[Site "Quebec CAN"]
[Date "2001.05.31"]
[Round "5"]
[White "Dion, Jean-Francois"]
[Black "Sauve, Richard"]
[Result "0-1"]
[WhiteElo "1804"]
[BlackElo "1912"]
[PlyCount "102"]
[GameId "2160767911564859"]
[EventDate "2001.05.03"]
[EventType "swiss"]
[EventRounds "5"]
[EventCountry "CAN"]
[SourceTitle "EXT 2009"]
[Source "ChessBase"]
[SourceDate "2008.11.26"]
[SourceVersion "1"]
[SourceVersionDate "2008.11.26"]
[SourceQuality "1"]

1. d4 e6 2. Nf3 d5 3. Bf4 Bd6 4. Bxd6 Qxd6 5. Nbd2 Nf6 6. e3 O-O 7. Bd3 Nbd7 8. O-O b6 9. Re1 Bb7 10. c3 c5 11. a4 Rfd8 12. Qe2 Rac8 13. a5 c4 14. Bc2 b5 15. e4 dxe4 16. Ng5 Qf4 17. Ngxe4 Nxe4 18. Nxe4 Bxe4 19. Bxe4 Nf6 20. Bb7 Rc7 21. a6 h6 22. g3 Qd6 23. Qf3 Nd5 24. Re2 b4 25. Rae1 bxc3 26. bxc3 Qa3 27. Rc2 Qb3 28. Rcc1 Qa4 29. Ra1 Qc2 30. Rac1 Qg6 31. h4 Rd6 32. Re5 Qd3 33. Bxd5 Rxd5 34. Qf4 Rdd7 35. Rb5 Qe2 36. Rcb1 Qa2 37. Rb7 Rxb7 38. Rxb7 Rxb7 39. axb7 Qb1+ 40. Kh2 Qxb7 41. Qd6 Qf3 42. Kg1 Qxc3 43. Qb8+ Kh7 44. Qxa7 Qe1+ 45. Kg2 Qe4+ 46. Kh2 Qf5 47. Kg1 c3 48. Qa1 c2 49. Qc3 Qe4 50. Qd2 Qc6 51. Qc1 Qc4 0-1

[Event "Montcalm op"]
[Site "Quebec CAN"]
[Date "2001.03.02"]
[Round "1"]
[White "Dion, Jean-Francois"]
[Black "Audet-Bouchard, Nicolas"]
[Result "0-1"]
[WhiteElo "1799"]
[BlackElo "1991"]
[PlyCount "70"]
[GameId "2160767911610374"]
[EventDate "2001.03.02"]
[EventType "swiss"]
[EventRounds "5"]
[EventCountry "CAN"]
[SourceTitle "EXT 2009"]
[Source "ChessBase"]
[SourceDate "2008.11.26"]
[SourceVersion "1"]
[SourceVersionDate "2008.11.26"]
[SourceQuality "1"]

1. d4 Nf6 2. Nf3 c5 3. c3 b6 4. Bf4 Bb7 5. Nbd2 e6 6. e3 Be7 7. h3 Nh5 8. Bh2 f5 9. Bd3 Nf6 10. a4 Nc6 11. O-O O-O 12. Nc4 d6 13. Re1 Rc8 14. a5 b5 15. a6 Ba8 16. Ncd2 Qb6 17. Ng5 Nd8 18. e4 cxd4 19. Nxe6 Nxe6 20. exf5 Nc5 21. Bxb5 Qxb5 22. cxd4 Nce4 23. Nxe4 Nxe4 24. f3 Bh4 25. Rxe4 Bxe4 26. fxe4 Rfe8 27. Qg4 Bf6 28. Bxd6 Bxd4+ 29. Kh1 Qxb2 30. Rd1 Rc1 31. e5 Bxe5 32. Bxe5 Rxd1+ 33. Qxd1 Qxe5 34. Qb3+ Kh8 35. Qb7 Rb8 0-1

[Event "Montcalm op"]
[Site "Quebec CAN"]
[Date "2001.03.03"]
[Round "2"]
[White "Dion, Jean-Francois"]
[Black "Angers, Gilles"]
[Result "1-0"]
[WhiteElo "1799"]
[BlackElo "1989"]
[PlyCount "43"]
[GameId "2160767911610375"]
[EventDate "2001.03.02"]
[EventType "swiss"]
[EventRounds "5"]
[EventCountry "CAN"]
[SourceTitle "EXT 2009"]
[Source "ChessBase"]
[SourceDate "2008.11.26"]
[SourceVersion "1"]
[SourceVersionDate "2008.11.26"]
[SourceQuality "1"]

1. d4 Nf6 2. Nf3 c5 3. c3 e6 4. Bf4 d5 5. e3 cxd4 6. exd4 Bd6 7. Bxd6 Qxd6 8. Bd3 Nc6 9. O-O O-O 10. Nbd2 a6 11. Re1 b5 12. Ne5 Bb7 13. f4 g6 14. g4 Nd7 15. g5 f6 16. Nxg6 hxg6 17. Bxg6 Kg7 18. Qh5 Rh8 19. gxf6+ Nxf6 20. Qg5 Nh7 21. Bxh7+ Kxh7 22. Re3 1-0

[Event "Montcalm op"]
[Site "Quebec CAN"]
[Date "2001.03.03"]
[Round "2"]
[White "Larochelle, Martial"]
[Black "L'Heureux, Clement"]
[Result "1-0"]
[WhiteElo "2123"]
[BlackElo "1903"]
[PlyCount "101"]
[GameId "2160767911610376"]
[EventDate "2001.03.02"]
[EventType "swiss"]
[EventRounds "5"]
[EventCountry "CAN"]

1. c4 c5 2. g3 Nf6 3. Bg2 g6 4. Nc3 Bg7 5. Nf3 O-O 6. d4 cxd4 7. Nxd4 Nc6 8. O-O Nxd4 9. Qxd4 d6 10. Qd3 Nd7 11. b3 Nc5 12. Qd2 Bd7 13. Bb2 Qa5 14. Rfd1 Bc6 15. Nd5 Qd8 16. Bxg7 Kxg7 17. b4 Nd7 18. Rac1 Kg8 19. h4 h5 20. Qg5 Bxd5 21. Bxd5 Kg7 22. Bxb7 Rb8 23. Bf3 Rxb4 24. Bxh5 Ne5 25. Bf3 Rxc4 26. Rxc4 Nxc4 27. h5 Ne5 28. Be4 f6 29. Qe3 Qd7 30. hxg6 Rh8 31. Bg2 Rb8 32. Qd4 Qc7 33. Be4 Qb6 34. Qd5 Qb5 35. Kf1 Qxd5 36. Rxd5 Rc8 37. Ra5 Rc1+ 38. Kg2 Rc7 39. f4 Nxg6 40. Kf3 Nf8 41. g4 Ne6 42. e3 Nc5 43. Bc2 Rb7 44. f5 a6 45. Be4 Rb4 46. Bd5 Kh6 47. Ra3 Kg5 48. e4 Ra4 49. Re3 Rb4 50. Re2 a5 51. Rh2 1-0

[Event "Montcalm op"]
[Site "Quebec CAN"]
[Date "2001.03.03"]
[Round "3"]
[White "Beaudoin, Stephane"]
[Black "Dion, Jean-Francois"]
[Result "1-0"]
[WhiteElo "1930"]
[BlackElo "1799"]
[PlyCount "125"]
[GameId "2160767911610377"]
[EventDate "2001.03.02"]
[EventType "swiss"]
[EventRounds "5"]
[EventCountry "CAN"]
[SourceTitle "EXT 2009"]
[Source "ChessBase"]
[SourceDate "2008.11.26"]
[SourceVersion "1"]
[SourceVersionDate "2008.11.26"]
[SourceQuality "1"]

1. e4 d6 2. g3 Nf6 3. Bg2 g6 4. d3 Bg7 5. Ne2 O-O 6. O-O e5 7. h3 Nh5 8. g4 Nf4 9. Nxf4 exf4 10. Nc3 g5 11. Bf3 Nc6 12. Nd5 Ne5 13. Be2 c6 14. Nc3 h5 15. f3 Qf6 16. Bd2 Kh7 17. Rf2 Rh8 18. d4 Nd7 19. e5 dxe5 20. Ne4 Qh6 21. dxe5 Nxe5 22. Bc3 Be6 23. Qf1 Kg8 24. Qg2 hxg4 25. hxg4 Bd5 26. Rd1 Nxg4 27. fxg4 Bxe4 28. Qxe4 Bxc3 29. bxc3 Qh3 30. Qf3 Re8 31. Rd3 Qh4 32. Bf1 Rh7 33. Qg2 Re1 34. Rff3 f5 35. Rh3 f3 36. Rxh4 fxg2 37. Rd8+ Kg7 38. Rxh7+ Kxh7 39. Rd7+ Kg6 40. gxf5+ Kxf5 41. Kxg2 Rb1 42. Bd3+ Ke6 43. Rg7 a5 44. Rxg5 b6 45. Kf3 Kd6 46. a4 Ra1 47. Rg4 Ra3 48. Rc4 b5 49. axb5 cxb5 50. Rc8 Ra2 51. Rb8 a4 52. Rxb5 Kc6 53. Ra5 Kb6 54. Ra8 Kc5 55. Ke3 Ra1 56. Rc8+ Kb6 57. Kd4 a3 58. Ra8 a2 59. Kc4 Kb7 60. Ra3 Kb6 61. Kb3 Kc5 62. Ra5+ Kb6 63. Rxa2 1-0

[Event "Montcalm op"]
[Site "Quebec CAN"]
[Date "2001.03.04"]
[Round "4"]
[White "Audet-Bouchard, Nicolas"]
[Black "Gaspariants, Vladimir"]
[Result "1-0"]
[WhiteElo "1991"]
[BlackElo "2223"]
[PlyCount "129"]
[GameId "2160767911610378"]
[EventDate "2001.03.02"]
[EventType "swiss"]
[EventRounds "5"]
[EventCountry "CAN"]

1. e4 e5 2. f4 exf4 3. Bc4 Ne7 4. Nf3 d5 5. exd5 Ng6 6. O-O Be7 7. d4 Nd7 8. Bd3 O-O 9. c4 c6 10. Nc3 Nb6 11. dxc6 bxc6 12. Ne4 f5 13. Nc3 Qc7 14. Qc2 Nh8 15. Ne5 g5 16. Bd2 Ng6 17. Rae1 Nxe5 18. Rxe5 Bf6 19. Rfe1 Bxe5 20. Rxe5 Bd7 21. c5 Nc8 22. Ne2 Re8 23. Bc4+ Kg7 24. Rxe8 Bxe8 25. Qxf5 Qe7 26. Be6 Bg6 27. Qe5+ Qf6 28. Qc7+ Ne7 29. d5 Kh6 30. Bc3 Qf8 31. d6 Nd5 32. Bxd5 cxd5 33. c6 f3 34. gxf3 Qxf3 35. Qg7+ Kh5 36. Ng3+ Kg4 37. Qd4+ Kh3 38. Qf2 Qxf2+ 39. Kxf2 Be8 40. c7 Bd7 41. Bg7 Kg4 42. Ke3 h5 43. Kd4 h4 44. Nf1 Kh3 45. Be5 g4 46. Kxd5 Re8 47. b4 Kg2 48. Ne3+ Kf3 49. Nc4 Kg2 50. Bf4 Re1 51. Ne5 Rd1+ 52. Ke4 Re1+ 53. Kd3 Rxe5 54. Bxe5 Kf3 55. Kd4 g3 56. hxg3 h3 57. g4 Kxg4 58. Kc5 Kf5 59. Bh2 Ke6 60. a4 Bc8 61. b5 Kd7 62. a5 a6 63. bxa6 Bxa6 64. Kb6 Bd3 65. Kb7 1-0

[Event "Montcalm op"]
[Site "Quebec CAN"]
[Date "2001.03.04"]
[Round "4"]
[White "Genest, Dominic"]
[Black "Filion, Rene"]
[Result "0-1"]
[WhiteElo "1304"]
[BlackElo "1345"]
[PlyCount "57"]
[GameId "2160767911610380"]
[EventDate "2001.03.02"]
[EventType "swiss"]
[EventRounds "5"]
[EventCountry "CAN"]

1. e4 e5 2. Nf3 Nc6 3. Bb5 a6 4. Ba4 Nf6 5. O-O b5 6. Bb3 Be7 7. Re1 d6 8. c3 O-O 9. h3 Na5 10. Bc2 c5 11. d4 Qc7 12. Nbd2 Nc6 13. d5 Nd8 14. Nf1 Ne8 15. Ng3 g6 16. Qd2 Ng7 17. Qh6 f6 18. Qe3 c4 19. Nh2 Nf7 20. f4 f5 21. fxe5 dxe5 22. Qe2 f4 23. Ngf1 Ng5 24. h4 f3 25. gxf3 Nh3+ 26. Kg2 Bxh4 27. Ng3 Bxg3 28. Kxg3 Nh5+ 29. Kh4 0-1

[Event "Montcalm op"]
[Site "Quebec CAN"]
[Date "2001.03.04"]
[Round "4"]
[White "Saint Onge, Roland"]
[Black "Dion, Jean-Francois"]
[Result "0-1"]
[WhiteElo "1677"]
[BlackElo "1799"]
[PlyCount "44"]
[GameId "2160767911610382"]
[EventDate "2001.03.02"]
[EventType "swiss"]
[EventRounds "5"]
[EventCountry "CAN"]
[SourceTitle "EXT 2009"]
[Source "ChessBase"]
[SourceDate "2008.11.26"]
[SourceVersion "1"]
[SourceVersionDate "2008.11.26"]
[SourceQuality "1"]

1. e4 d6 2. d4 Nf6 3. Bc4 Nxe4 4. Bxf7+ Kxf7 5. Qh5+ g6 6. Qd5+ e6 7. Qxe4 Qf6 8. Nf3 Qf5 9. Qe2 Be7 10. c4 Bf6 11. Bd2 Nc6 12. g4 Qxg4 13. Ng5+ Qxg5 14. Bxg5 Bxg5 15. d5 exd5 16. Qf3+ Bf6 17. cxd5 Nd4 18. Qc3 Re8+ 19. Kf1 Bf5 20. Na3 Nc2 21. Qb3 Nxa1 22. Qxb7 Bh3+ 0-1

[Event "Montcalm op"]
[Site "Quebec CAN"]
[Date "2001.03.08"]
[Round "4"]
[White "Daigle, Robert"]
[Black "Dussault, Jean-Charles"]
[Result "0-1"]
[WhiteElo "1467"]
[BlackElo "1403"]
[PlyCount "72"]
[GameId "2160767911610383"]
[EventDate "2001.03.02"]
[EventType "swiss"]
[EventRounds "5"]
[EventCountry "CAN"]
[SourceTitle "EXT 2009"]
[Source "ChessBase"]
[SourceDate "2008.11.26"]
[SourceVersion "1"]
[SourceVersionDate "2008.11.26"]
[SourceQuality "1"]

1. e4 c5 2. Bc4 Nc6 3. Nf3 g6 4. O-O Bg7 5. c3 b6 6. Ng5 e6 7. d3 Nge7 8. Nd2 Bb7 9. Ndf3 Qc7 10. Nh3 Rd8 11. Bg5 h6 12. Bxe7 Nxe7 13. Qc2 g5 14. g4 h5 15. gxh5 g4 16. Ne1 gxh3 17. f3 Rxh5 18. Qf2 Qf4 19. Kh1 Rg5 20. Rg1 Rxg1+ 21. Kxg1 d5 22. Bb5+ Kf8 23. Nc2 a6 24. Ba4 dxe4 25. fxe4 Qxf2+ 26. Kxf2 Rxd3 27. Ne1 Rd2+ 28. Kg3 Be5+ 29. Kxh3 Rxh2+ 30. Kg4 Bxe4 31. b4 cxb4 32. Rd1 bxc3 33. Rd8+ Kg7 34. Rd7 Nd5 35. Bb3 Kg6 36. Bxd5 f5# 0-1

[Event "Montcalm op"]
[Site "Quebec CAN"]
[Date "2001.03.04"]
[Round "5"]
[White "Dion, Jean-Francois"]
[Black "L'Heureux, Clement"]
[Result "0-1"]
[WhiteElo "1799"]
[BlackElo "1903"]
[PlyCount "97"]
[GameId "2160767911610384"]
[EventDate "2001.03.02"]
[EventType "swiss"]
[EventRounds "5"]
[EventCountry "CAN"]
[SourceTitle "EXT 2009"]
[Source "ChessBase"]
[SourceDate "2008.11.26"]
[SourceVersion "1"]
[SourceVersionDate "2008.11.26"]
[SourceQuality "1"]

1. d4 Nf6 2. Nf3 e6 3. Bf4 d5 4. e3 a6 5. Nbd2 c6 6. Bd3 Bd6 7. Bxd6 Qxd6 8. c3 Nbd7 9. Qc2 h6 10. e4 dxe4 11. Nxe4 Nxe4 12. Bxe4 Nf6 13. Ne5 O-O 14. O-O Bd7 15. Rad1 a5 16. f4 Rfe8 17. Qe2 Re7 18. Bb1 Be8 19. Qc2 g6 20. Qd3 Rc7 21. g4 Rd8 22. f5 exf5 23. gxf5 g5 24. Qf3 Kg7 25. Ng4 Nxg4 26. Qxg4 f6 27. Rfe1 Bf7 28. Re3 Re7 29. Rde1 Rde8 30. Qf3 c5 31. Rxe7 Rxe7 32. Rxe7 Qxe7 33. Qe4 Qd6 34. dxc5 Qxc5+ 35. Qd4 Qe5 36. Qe4 Bd5 37. Qxe5 fxe5 38. Kf2 Kf6 39. Ke3 g4 40. b3 h5 41. c4 Bc6 42. a3 b6 43. b4 axb4 44. axb4 h4 45. Be4 Bxe4 46. Kxe4 h3 47. c5 bxc5 48. bxc5 g3 49. c6 0-1

[Event "Montcalm op"]
[Site "Quebec CAN"]
[Date "2001.03.04"]
[Round "5"]
[White "Genest, Dominic"]
[Black "Roussy, Arnaud"]
[Result "1/2-1/2"]
[WhiteElo "1304"]
[BlackElo "1412"]
[PlyCount "59"]
[GameId "2160767911610385"]
[EventDate "2001.03.02"]
[EventType "swiss"]
[EventRounds "5"]
[EventCountry "CAN"]

1. e4 c5 2. Nf3 d6 3. d4 cxd4 4. Nxd4 Nf6 5. Nc3 g6 6. Be3 Bg7 7. Be2 a6 8. O-O O-O 9. f4 b5 10. a3 Bb7 11. Bd3 Qd7 12. Qe2 Ng4 13. Nd5 Bxd5 14. exd5 Nxe3 15. Qxe3 Qa7 16. c3 Bxd4 17. cxd4 Re8 18. f5 Nd7 19. fxg6 hxg6 20. Qf4 Rf8 21. Rf3 Kg7 22. Raf1 Nf6 23. Rh3 Rh8 24. Re3 Raf8 25. Ref3 Rh5 26. Bxg6 fxg6 27. g4 Rxd5 28. g5 Nh7 29. Qxf8+ Nxf8 30. Rf7+ 1/2-1/2

[Event "Montcalm op"]
[Site "Quebec CAN"]
[Date "2001.04.26"]
[Round "5"]
[White "Dussault, Jean-Charles"]
[Black "Lachance, Norbert"]
[Result "0-1"]
[WhiteElo "1409"]
[BlackElo "1747"]
[PlyCount "44"]
[GameId "2160767911610386"]
[EventDate "2001.03.02"]
[EventType "swiss"]
[EventRounds "5"]
[EventCountry "CAN"]
[SourceTitle "EXT 2009"]
[Source "ChessBase"]
[SourceDate "2008.11.26"]
[SourceVersion "1"]
[SourceVersionDate "2008.11.26"]
[SourceQuality "1"]

1. e4 c5 2. d4 cxd4 3. c3 e5 4. Nf3 Nc6 5. Bb5 Qb6 6. Bxc6 Qxc6 7. O-O d6 8. cxd4 Bg4 9. dxe5 Bxf3 10. Qxf3 dxe5 11. Be3 Nf6 12. Nc3 Be7 13. Rac1 Qa6 14. Nd5 Nxd5 15. exd5 O-O 16. a3 Rac8 17. Qf5 Rxc1 18. Rxc1 Bf6 19. Rc8 g6 20. Bh6 Bg7 21. Rxf8+ Bxf8 22. Bxf8 gxf5 0-1

[Event "Montreal int."]
[Site "Montreal CAN"]
[Date "2001.08.02"]
[Round "1"]
[White "Barbeau, Sylvain"]
[Black "Zugic, Igor"]
[Result "0-1"]
[WhiteElo "2365"]
[BlackElo "2440"]
[PlyCount "80"]
[GameId "2160767911555322"]
[EventDate "2001.08.02"]
[EventType "tourn"]
[EventRounds "11"]
[EventCountry "CAN"]
[EventCategory "9"]
[SourceTitle "CBM 085"]
[Source "ChessBase"]
[SourceDate "2001.11.13"]
[SourceVersion "1"]
[SourceVersionDate "2001.11.13"]
[SourceQuality "1"]

1. e4 c5 2. Nc3 Nc6 3. g3 g6 4. Bg2 Bg7 5. d3 d6 6. Be3 h5 7. h3 e5 8. Qd2 Nge7 9. f4 Nd4 10. Nd1 h4 11. g4 exf4 12. Bxf4 Ne6 13. Bh2 Be5 14. Nf3 Bxh2 15. Rxh2 d5 16. Nc3 d4 17. Ne2 Nc6 18. Nf4 Qd6 19. Nd5 Nc7 20. Nxc7+ Qxc7 21. Qg5 Qe7 22. Qxe7+ Kxe7 23. Kd2 Be6 24. a3 Kd6 25. Rf1 Ne5 26. c3 Nxf3+ 27. Bxf3 Ke5 28. g5 Rad8 29. c4 b5 30. cxb5 Rb8 31. a4 a6 32. Rc1 axb5 33. Rxc5+ Kf4 34. Bg4 Bxg4 35. hxg4 h3 36. Ke1 Kg3 37. Rcc2 bxa4 38. Kf1 a3 39. Kg1 axb2 40. Rxb2 Rhc8 0-1

[Event "Montreal int."]
[Site "Montreal CAN"]
[Date "2001.08.02"]
[Round "1"]
[White "Oral, Tomas"]
[Black "Turov, Maxim"]
[Result "1/2-1/2"]
[WhiteElo "2540"]
[BlackElo "2550"]
[PlyCount "83"]
[GameId "2160767911555326"]
[EventDate "2001.08.02"]
[EventType "tourn"]
[EventRounds "11"]
[EventCountry "CAN"]
[EventCategory "9"]
[SourceTitle "CBM 085"]
[Source "ChessBase"]
[SourceDate "2001.11.13"]
[SourceVersion "1"]
[SourceVersionDate "2001.11.13"]
[SourceQuality "1"]

1. e4 e5 2. Nf3 Nf6 3. d4 Nxe4 4. Bd3 d5 5. Nxe5 Nd7 6. Nc3 Nxe5 7. dxe5 Bb4 8. O-O Bxc3 9. bxc3 Be6 10. c4 Nc5 11. cxd5 Qxd5 12. Bb5+ c6 13. Qxd5 Bxd5 14. Be2 O-O-O 15. Be3 b6 16. Bxc5 bxc5 17. f4 Kc7 18. Bf3 Rb8 19. c4 Be6 20. f5 Bxf5 21. Bd5 cxd5 22. Rxf5 dxc4 23. Rxf7+ Kc6 24. Rxa7 Rb2 25. Rc1 Rd8 26. h4 Rd4 27. Rxg7 Rxh4 28. e6 Rxa2 29. Re1 Ra8 30. Re3 Re8 31. Kf2 c3 32. Rxc3 Rxe6 33. Rg5 c4 34. g4 Re4 35. Re3 Rh2+ 36. Kf3 Rxe3+ 37. Kxe3 c3 38. Kd4 c2 39. Rc5+ Kd6 40. Rc8 Rg2 41. Kd3 Ke5 42. Rxc2 1/2-1/2

[Event "Montreal int."]
[Site "Montreal CAN"]
[Date "2001.08.03"]
[Round "2"]
[White "Goldenberg, Danny"]
[Black "Oral, Tomas"]
[Result "1/2-1/2"]
[WhiteElo "2343"]
[BlackElo "2540"]
[PlyCount "71"]
[GameId "2160767911555329"]
[EventDate "2001.08.02"]
[EventType "tourn"]
[EventRounds "11"]
[EventCountry "CAN"]
[EventCategory "9"]
[SourceTitle "CBM 085"]
[Source "ChessBase"]
[SourceDate "2001.11.13"]
[SourceVersion "1"]
[SourceVersionDate "2001.11.13"]
[SourceQuality "1"]

1. e4 c5 2. Nf3 Nc6 3. d4 cxd4 4. Nxd4 Qc7 5. Nb5 Qb8 6. Bd3 g6 7. O-O Bg7 8. f4 d6 9. Qe1 Nf6 10. Nd2 O-O 11. Nf3 a6 12. Nc3 b5 13. h3 Nb4 14. e5 dxe5 15. fxe5 Nd7 16. Be4 Bb7 17. a3 Nc6 18. e6 Nc5 19. Ng5 fxe6 20. Rxf8+ Qxf8 21. Be3 Nxe4 22. Ncxe4 Nd4 23. c3 Bxe4 24. cxd4 Bd5 25. Qh4 Bh6 26. Rf1 Qg7 27. Kh2 Rf8 28. Rxf8+ Qxf8 29. Kg1 Bc4 30. Kh2 Bd5 31. Kg1 Bxg5 32. Qxg5 Qf6 33. Qe5 Kf7 34. Bh6 Bc4 35. Kh2 Qxe5+ 36. dxe5 1/2-1/2